00472 2200193 4500001002100000005001500021035002000036007000300056008004100059020002200100082000800122084001400130100001000144245003400154260004200188300001600230650001700246856001500263INLIS00000000000818220260409111018 a0010-0426000002ta260409 0 ind  a978-602-6785-46-6 a300 a300 YAN p0 aYanto1 aPengantar Penerjemah /cYanto aJambi :bSalim Media Indonesia,c2016 a153 ;c27cm 4aPEMBELAJARAN aMATEMATIKA